[Event "AUTO-OPEN-4626"]
[Site "http://www.queenalice.com/game.php?id=1866062"]
[Date "2025.11.24"]
[Round "1"]
[White "Magnaroc"]
[Black "Capixabba789"]
[Result "1-0"]
[WhiteElo "1412"]
[BlackElo "1936"]

1. e4 e5 2. Nf3 d6 3. d4 exd4 4. Nxd4 Nf6 5. Nc3 Be7 6. Be2 c5 7. Nf3 Nc6 8. O-O
Be6 9. Re1 Ne5 10. Nxe5 dxe5 11. Qxd8+ Rxd8 12. Nb5 O-O 13. Bg5 a6 14. Nc3 b5
15. a4 b4 16. Nb1 a5 17. Nd2 h6 18. Bxf6 Bxf6 19. Nc4 Rd4 20. Nxa5 Rxe4 21. Bf3
Rxe1+ 22. Rxe1 e4 23. Bxe4 Bxb2 24. Nb3 Bc8 25. Nxc5 f5 26. Bd5+ Kh8 27. Bb3 Rd8
28. Nd3 Bc3 29. Re7 Ba6 30. Bf7 Bxd3 31. cxd3 Rxd3 32. g3 Bd4 33. Bg6 Bxf2+ 34.
Kxf2 Rd8 35. Re8+ Rxe8 36. Bxe8 1-0